000 00489cam a2200193ua 4500
001 895
008 110421n ii |||gr||||Z||||||eng
020 _a81-272-2016
040 _cMAIN
082 _a320.954
245 1 _aIndian government & politics.
_cBy K K Ghai.
250 _a3rd.
260 _aNew Delhi.:
_bKalyani publishers.,
_c2005.
300 _a570 p.:
_c30 cm.
653 _aPolitical science.
653 _aIndian government & politics.
700 _aGhai, K K.,
942 _cBK
999 _c818
_d818